|
|
|
|
| LEADER |
00000cam a2200000 7i4500 |
| 001 |
0000002884 |
| 005 |
20040210.0 |
| 020 |
0 |
0 |
|a 9832088194
|
| 090 |
0 |
0 |
|a 678.2
|b KAM 2003
|
| 100 |
0 |
0 |
|a KAMERUZAMAN Ab. Rahman
|
| 245 |
1 |
0 |
|a Importance of supervision concerning wate disposal of vulcanised rubber
|c Kameruzaman Ab. Rahman
|
| 260 |
0 |
0 |
|a Kuala Lumpur :
|b Malaysian Rubber Board ,
|c 2003
|
| 300 |
|
|
|a 16 p. :
|b col. ill. ;
|c 23 cm.
|
| 440 |
0 |
0 |
|a Malaysia Rubber Board monograph ; no. 16
|
| 500 |
0 |
0 |
|a Bibliography : p. 15-16
|
| 650 |
0 |
0 |
|a Rubber
|
| 710 |
1 |
1 |
|a Lembaga Getah Malaysia
|
| 998 |
|
|
|a JPSM
|
| 999 |
|
|
|a 0000005150
|b Monograph
|c Open Shelf
|e Default branch
|